000 00215nam a2200085Ia 4500
245 0 _aGuantanamo boy
100 _a Perera, Anna London, 2009
_976187
942 _cBK
008 210818s9999 xx 000 0 und d
999 _c448531
_d448530